000
00196 a2200109 4500
020
_a
0-7368-4132-6
041
_a
spa
100
_a
trumbauer,lisa
245
_a
restar
942
_c
BK
952
_7
1
999
_c
17088
_d
17088